La matanza de panzos y el desarrollo capitalista de Guatemala /

محفوظ في:
التفاصيل البيبلوغرافية
المؤلف الرئيسي: Aguilera P., Gabriel
التنسيق: نص
الموضوعات:
الوسوم: إضافة وسم
لا توجد وسوم, كن أول من يضع وسما على هذه التسجيلة!

MARC

LEADER 00000 a a2200000 04500
001 17841
003
040
100 |a Aguilera P., Gabriel  
245 |a La matanza de panzos y el desarrollo capitalista de Guatemala /  |c Gabriel Aguilera P. 
650 |a VIOLENCIA  
650 |a POBLACION RURAL  
650 |a CAPITALISMO  
650 |a GUATEMALA  
773 |g volumen 3, número 18; páginas 139-142  
999 |c 26878  |d 26878 
773 0 |0 42391  |9 3988  |a Agencia Latinoamericana de Información, ALAI  |d Quito, Ecuador: ALAI  |o 03855  |t ALAI:  |x 08275564 (Servicio mensual de información y documentación)